[Event "AUTO-ADV-4853"]
[Site "http://www.queenalice.com/game.php?id=1872161"]
[Date "2026.4.17"]
[Round "2"]
[White "JailtonMaster"]
[Black "altair"]
[Result "1-0"]
[WhiteElo "2181"]
[BlackElo "1842"]

1. d4 d5 2. c4 c6 3. Nc3 e6 4. Nf3 h6 5. Bf4 Nf6 6. e3 Be7 7. Be2 b5 8. cxd5
exd5 9. a3 Bb7 10. O-O a5 11. Rc1 O-O 12. h3 Nbd7 13. Ne5 b4 14. axb4 axb4 15.
Na4 Ne4 16. Nxc6 Qe8 17. Nxe7+ Qxe7 18. Rc7 Ra7 19. Bb5 Rd8 20. Nb6 Nef6 21.
Nxd7 Nxd7 22. Bc6 Ba6 23. Rxa7 Bxf1 24. Qxf1 Qe6 25. Bxd7 Rxd7 26. Ra8+ Kh7 27.
Qd3+ g6 28. Be5 f6 29. Ra6 Qf5 30. Qxf5 gxf5 31. Rxf6 Ra7 32. Rb6 Ra1+ 33. Kh2
Rf1 34. Rxb4 Rxf2 35. Rb7+ Kg6 36. Kg3 Re2 37. Kh4 f4 38. exf4 Kf5 39. b4 Rxg2
40. b5 Ke4 41. b6 Kf3 42. Rg7 Rb2 43. b7 1-0

[Event "AUTO-ADV-4853"]
[Site "http://www.queenalice.com/game.php?id=1872162"]
[Date "2026.4.17"]
[Round "2"]
[White "altair"]
[Black "JailtonMaster"]
[Result "0-1"]
[WhiteElo "1798"]
[BlackElo "2159"]

1. e4 e5 2. Nf3 Nc6 3. a3 Nf6 4. d3 d6 5. h3 Be7 6. b4 a6 7. Be2 O-O 8. O-O h6
9. c4 Be6 10. b5 axb5 11. cxb5 Na5 12. Bd2 Nb3 13. Ra2 Nxd2 14. Rxd2 c6 15. bxc6
bxc6 16. a4 Qc7 17. Nc3 d5 18. exd5 cxd5 19. d4 Qxc3 20. dxe5 Ne4 21. Rc2 Qa5
22. Bb5 Nc3 23. Qd3 Nxb5 24. axb5 g6 25. Rcc1 Rab8 26. Nd4 Qb6 27. Rc6 Qd8 28.
Rcc1 Kg7 29. f4 Qb6 30. Rc6 Qa7 31. Rb1 Bc5 32. Ra6 Bxd4+ 33. Kh1 Bf5 34. Qxf5
gxf5 35. Rxa7 Bxa7 0-1

[Event "AUTO-MASTER-3303"]
[Site "http://www.queenalice.com/game.php?id=1872329"]
[Date "2026.4.23"]
[Round "1"]
[White "Tonto"]
[Black "JailtonMaster"]
[Result "1-0"]
[WhiteElo "2024"]
[BlackElo "2121"]

1. e4 e5 2. Nf3 Nc6 3. Be2 Nf6 4. d3 Bc5 5. O-O d6 6. Be3 Bb6 7. Nc3 h6 8. Bxb6
axb6 9. a3 O-O 10. b4 Ne7 11. Nb1 Bg4 12. h3 Bh5 13. c4 c6 14. Nc3 Qc7 15. d4
exd4 16. Nxd4 Bxe2 17. Qxe2 Rfe8 18. b5 d5 19. bxc6 bxc6 20. cxd5 cxd5 21. Ncb5
dxe4 22. Nxc7 1-0

[Event "AUTO-MASTER-3303"]
[Site "http://www.queenalice.com/game.php?id=1872330"]
[Date "2026.4.23"]
[Round "1"]
[White "JailtonMaster"]
[Black "Tonto"]
[Result "1-0"]
[WhiteElo "2125"]
[BlackElo "1951"]

1. d4 e6 2. c4 Be7 3. Nc3 Nf6 4. Nf3 d6 5. e4 O-O 6. Bd3 b6 7. O-O Bb7 8. d5
exd5 9. exd5 Nbd7 10. Re1 c6 11. Qc2 cxd5 12. cxd5 Nc5 13. Bc4 a6 14. Bg5 Re8
15. Nd4 b5 16. Bd3 Nxd3 17. Qxd3 Nxd5 18. Nxd5 Bxg5 19. Rxe8+ Qxe8 20. Nc7 Qc8
21. Nxa8 Qxa8 22. f3 Qa7 23. Re1 g6 24. Re8+ Kg7 25. Kf1 Bd5 26. b3 Qd7 27. Qe2
a5 28. Qxb5 Qxb5+ 29. Nxb5 Bc6 30. Rb8 d5 31. Nd4 Bd7 32. Ke2 Bf6 33. Kd3 Be5
34. Rd8 Be6 35. Nxe6+ fxe6 36. Ra8 Bxh2 37. Rxa5 Kf6 38. b4 Bg1 39. b5 h5 40.
Ra6 Kf5 41. b6 e5 42. b7 e4+ 43. fxe4+ dxe4+ 44. Ke2 Bh2 45. Ra8 g5 46. b8=Q 1-0

[Event "AUTO-MASTER-3303"]
[Site "http://www.queenalice.com/game.php?id=1872347"]
[Date "2026.4.23"]
[Round "1"]
[White "JailtonMaster"]
[Black "cerenzo72"]
[Result "0-1"]
[WhiteElo "2131"]
[BlackElo "2182"]

1. d4 Nf6 2. c4 g6 3. Nc3 Bg7 4. Nf3 d6 5. e3 O-O 6. Bd3 b6 7. O-O Bb7 8. e4
Nbd7 9. d5 c6 10. h3 cxd5 11. exd5 Nc5 12. Bb1 a6 13. Re1 Re8 14. Be3 e6 15.
dxe6 Rxe6 16. Bg5 Bxf3 17. gxf3 Qd7 18. Rxe6 Nxe6 19. Na4 Qc7 20. Be3 b5 21.
cxb5 axb5 22. Nc3 Qc6 23. Ne4 d5 24. Nc3 d4 25. Bxd4 Rd8 26. Ne2 Qxf3 27. a4 Nf4
28. Be4 Qxe4 0-1

[Event "AUTO-MASTER-3303"]
[Site "http://www.queenalice.com/game.php?id=1872348"]
[Date "2026.4.23"]
[Round "1"]
[White "cerenzo72"]
[Black "JailtonMaster"]
[Result "0-1"]
[WhiteElo "2167"]
[BlackElo "2106"]

1. c4 Nf6 2. Nc3 e5 3. e4 c6 4. d4 exd4 5. Qxd4 d6 6. Nf3 Be7 7. Be2 O-O 8. O-O
h6 9. Bf4 c5 10. Qd2 Nc6 11. Rad1 Qb6 12. b3 Bg4 13. Qc2 Bxf3 14. Bxf3 Nd4 15.
Qd3 Nxf3+ 16. Qxf3 a6 17. Qg3 Nh5 18. Qg4 Nxf4 19. Qxf4 Qd8 20. e5 dxe5 21. Qxe5
Bf6 22. Qe3 Qe7 23. Nd5 Qd6 24. Nxf6+ Qxf6 25. Qxc5 Qb2 26. Ra1 Rad8 27. Qe3
Rfe8 28. Qc1 Qf6 29. Re1 g5 30. Rxe8+ Rxe8 31. Qd1 Re2 32. Qxe2 Qxa1+ 33. Qf1
Qxa2 34. Qd1 a5 35. h3 Qb2 36. Qf3 Qa1+ 37. Kh2 Qe5+ 38. g3 b6 39. Qe3 Qxe3 40.
fxe3 Kf8 41. g4 Ke7 42. Kg3 Kd6 43. Kf3 Kc5 44. Ke4 Kb4 0-1

[Event "AUTO-MASTER-3303"]
[Site "http://www.queenalice.com/game.php?id=1872349"]
[Date "2026.4.23"]
[Round "1"]
[White "JailtonMaster"]
[Black "Capixabba789"]
[Result "1-0"]
[WhiteElo "2119"]
[BlackElo "1888"]

1. d4 d5 2. c4 e6 3. Nc3 Nf6 4. Nf3 Be7 5. e3 Bd7 6. Be2 O-O 7. O-O c6 8. Qc2
dxc4 9. Bxc4 b5 10. Bd3 Na6 11. a3 Nc7 12. e4 a5 13. e5 Ng4 14. Bxh7+ Kh8 15. h3
f5 16. hxg4 Qe8 17. gxf5 exf5 18. Bxf5 Qh5 19. Bxd7 Nd5 20. Bxc6 Rxf3 21. gxf3
Qxf3 22. Bxd5 Qg4+ 23. Bg2 Qxd4 24. Bxa8 Qxe5 25. Qg6 Bd6 26. f4 1-0

[Event "AUTO-MASTER-3303"]
[Site "http://www.queenalice.com/game.php?id=1872350"]
[Date "2026.4.23"]
[Round "1"]
[White "Capixabba789"]
[Black "JailtonMaster"]
[Result "0-1"]
[WhiteElo "1916"]
[BlackElo "2125"]

1. d4 d5 2. Nc3 Nf6 3. e3 c5 4. dxc5 e6 5. f4 Bxc5 6. Nf3 Nc6 7. Be2 O-O 8. O-O
a6 9. Kh1 b5 10. Nd4 Nxd4 11. exd4 Bb6 12. Bf3 Bb7 13. Ne2 Rc8 14. c3 Ne4 15.
Qe1 f6 16. Ng3 f5 17. Be3 a5 18. Nxe4 dxe4 19. Be2 Qd5 20. Qg3 Rf6 21. a3 b4 22.
axb4 axb4 23. c4 Qd7 24. c5 Bc7 25. b3 Rg6 26. Qe1 Bc6 27. Qxb4 Rb8 28. Qc3 Bd5
29. b4 h6 30. Ra7 Qd8 31. b5 Qc8 32. Qa3 Rf6 33. b6 Bd8 34. Ba6 Qc6 35. Rb1 Bxb6
36. Bb5 Bxc5 37. Bxc6 Rxb1+ 38. Bg1 Bxa3 39. Bxd5 exd5 40. Rxa3 Rc6 0-1

[Event "AUTO-OPEN-4649"]
[Site "http://www.queenalice.com/game.php?id=1872468"]
[Date "2026.4.25"]
[Round "1"]
[White "JailtonMaster"]
[Black "game"]
[Result "1-0"]
[WhiteElo "2124"]
[BlackElo "1573"]

1. d4 d5 2. c4 e6 3. Nc3 dxc4 4. e4 Nc6 5. Bxc4 Nxd4 6. Be3 c5 7. Nf3 Nf6 8.
Nxd4 cxd4 9. Bxd4 Bb4 10. Bb5+ Bd7 11. Bxf6 gxf6 12. Bxd7+ Qxd7 13. Qxd7+ Kxd7
14. O-O-O+ Ke7 15. Ne2 Rac8+ 16. Kb1 Rc4 17. f3 a5 18. Rd3 Rhc8 19. Rhd1 Rc2 20.
Nf4 a4 21. Rd7+ Ke8 22. Rxb7 R2c4 23. b3 axb3 24. axb3 Rc3 25. Rxb4 Rc2 26. Rb7
e5 27. Nd5 Rxg2 28. Nxf6+ Kf8 29. Rdd7 Rcc2 30. Rxf7# 1-0

[Event "AUTO-OPEN-4649"]
[Site "http://www.queenalice.com/game.php?id=1872469"]
[Date "2026.4.25"]
[Round "1"]
[White "game"]
[Black "JailtonMaster"]
[Result "0-1"]
[WhiteElo "1634"]
[BlackElo "2142"]

1. e4 e5 2. Nf3 Nc6 3. Bc4 Bc5 4. d4 exd4 5. Ng5 Ne5 6. Bb3 Be7 7. Qxd4 Bf6 8.
Bf4 Nf3+ 9. Ke2 Nxd4+ 10. Ke3 Nxb3 11. Nc3 Nxa1 12. Rxa1 Bxg5 0-1

[Event "AUTO-OPEN-4649"]
[Site "http://www.queenalice.com/game.php?id=1872470"]
[Date "2026.4.25"]
[Round "1"]
[White "JailtonMaster"]
[Black "zubarev"]
[Result "1-0"]
[WhiteElo "2109"]
[BlackElo "1968"]

1. d4 d5 2. c4 Nf6 3. Nc3 e6 4. Nf3 Bd6 5. Bg5 Be7 6. e3 h6 7. Bh4 O-O 8. Be2
Ne4 9. Bxe7 Qxe7 10. Nxe4 dxe4 11. Nd2 f5 12. O-O b6 13. Qc2 Ba6 14. a3 Nd7 15.
f3 Rab8 16. fxe4 c5 17. d5 exd5 18. exd5 Qxe3+ 19. Rf2 Ne5 20. h3 Rbe8 21. Nf3
Nxf3+ 22. Bxf3 Qd4 23. Rc1 Re3 24. Rd1 Qxc4 25. Qxc4 Bxc4 26. d6 Bb5 27. d7 Rd8
28. Rfd2 Kf8 29. Bh5 Re7 30. Be8 Bc6 31. Rd6 Bb5 32. R1d5 g6 33. Rf6+ Kg7 34.
Rxg6+ Kh7 35. Rdd6 Rexe8 36. Rxh6+ Kg7 37. Rdg6+ Kf7 38. dxe8=N Bxe8 39. Rf6+
Kg7 40. Rd6 Rc8 41. Rhf6 c4 42. Rxf5 c3 43. bxc3 Rxc3 44. Rf3 Rc4 45. Re3 Bb5
46. Re7+ Kf8 47. Rxa7 Rc8 48. Rxb6 Bd3 49. a4 Ke8 50. Rh6 1-0

[Event "AUTO-OPEN-4649"]
[Site "http://www.queenalice.com/game.php?id=1872471"]
[Date "2026.4.25"]
[Round "1"]
[White "zubarev"]
[Black "JailtonMaster"]
[Result "0-1"]
[WhiteElo "1976"]
[BlackElo "2113"]

1. d4 d5 2. Nc3 Nf6 3. Nf3 e6 4. e3 c5 5. Be2 Be7 6. O-O Nc6 7. Ne5 Nxe5 8. dxe5
Nd7 9. f4 O-O 10. Bd2 d4 11. Nb1 b6 12. exd4 cxd4 13. Bf3 Rb8 14. Be1 Bb7 15.
Bxb7 Rxb7 16. Nd2 Nc5 17. Qf3 Rc7 18. f5 exf5 19. Qxf5 f6 20. e6 Rc6 21. Rf3
Nxe6 22. Rh3 Ng5 23. Rg3 Rc5 24. Qg4 f5 25. Qe2 f4 26. Rb3 Rxc2 27. Bh4 f3 28.
Qd3 Rc5 29. Bxg5 f2+ 30. Kf1 Qc7 31. Bxe7 Rc1+ 0-1

[Event "AUTO-OPEN-4649"]
[Site "http://www.queenalice.com/game.php?id=1872472"]
[Date "2026.4.25"]
[Round "1"]
[White "JailtonMaster"]
[Black "cerenzo72"]
[Result "1-0"]
[WhiteElo "2159"]
[BlackElo "2184"]

1. d4 Nf6 2. c4 d6 3. Nc3 e5 4. dxe5 Ng4 5. exd6 Bxd6 6. Nf3 Nc6 7. e3 Bf5 8.
Bd3 Be6 9. h3 Nge5 10. Nxe5 Nxe5 11. Be2 Nxc4 12. O-O Qd7 13. Re1 O-O-O 14. b3
Bb4 15. Qc2 Ne5 16. Bb2 Qc6 17. f4 Nd7 18. Bf3 Qc5 19. a3 Bxc3 20. Bxc3 Nb6 21.
Qb2 f6 22. Rac1 Qe7 23. Ba5 Bd5 24. Bxd5 Nxd5 25. e4 Nb6 26. e5 fxe5 27. Rxe5
Qd6 28. Rec5 Rd7 29. Re5 Qf6 30. g3 Rhd8 31. Qe2 Nd5 32. Qe4 b6 33. Be1 h6 34.
Qc4 g5 35. Rxd5 gxf4 36. Rxd7 Rxd7 37. Qxf4 Qe6 38. Qc4 Qxh3 39. Qc6 Kb8 40. a4
Qg4 41. a5 Qd4+ 42. Bf2 Qd5 43. axb6 axb6 44. Qxh6 Qxb3 45. Qh8+ Kb7 46. Qh5 c5
47. Kg2 Qe6 48. Qf3+ Kc7 49. Ra1 Rd5 50. Qf4+ Kc6 51. Re1 Qd7 52. Qa4+ b5 53.
Qa6+ Kc7 54. Rb1 Rd2 55. Qa7+ 1-0

[Event "AUTO-OPEN-4649"]
[Site "http://www.queenalice.com/game.php?id=1872473"]
[Date "2026.4.25"]
[Round "1"]
[White "cerenzo72"]
[Black "JailtonMaster"]
[Result "1-0"]
[WhiteElo "2153"]
[BlackElo "2120"]

1. b3 Nf6 2. Bb2 e6 3. e3 d5 4. Nf3 c5 5. c4 Be7 6. cxd5 exd5 7. Nc3 O-O 8. Be2
Nc6 9. O-O h6 10. d4 Bg4 11. Rc1 cxd4 12. exd4 Ne4 13. a3 Nxc3 14. Rxc3 Rc8 15.
Qd3 Bf6 16. Rfc1 Re8 17. R3c2 Bxf3 18. Bxf3 Qd7 19. h3 a6 20. Bg4 Qd6 21. Bxc8
Rxc8 22. Re2 Rd8 23. Rce1 Ne7 24. Qg3 Qd7 25. Bc1 Nf5 26. Qd3 Nxd4 27. Rd2 Ne6
28. Rdd1 Nc5 29. Qe3 d4 30. Qg3 Kh7 31. b4 Na4 32. Rd3 Nc3 33. Bb2 Nb5 34. Red1
Qf5 35. Qf3 Qd7 36. a4 Nc7 37. Qxb7 1-0

[Event "AUTO-MASTER-3304"]
[Site "http://www.queenalice.com/game.php?id=1872718"]
[Date "2026.4.30"]
[Round "1"]
[White "rmvwoods"]
[Black "JailtonMaster"]
[Result "0-1"]
[WhiteElo "1979"]
[BlackElo "2160"]

1. e4 e5 2. Nf3 Nc6 3. Bb5 a6 4. Bxc6 dxc6 5. O-O Bd6 6. d4 f6 7. Be3 Ne7 8.
dxe5 fxe5 9. c3 O-O 10. Nbd2 Bg4 11. Qb3+ Kh8 12. Qxb7 a5 13. Qb3 Ng6 14. h3 Bd7
15. Qc2 Nf4 16. b3 c5 17. c4 Ne2+ 18. Kh1 Nd4 19. Qb2 Nxf3 20. Nxf3 Bxh3 21.
gxh3 Rxf3 22. Kg2 Qf6 23. Rh1 Rf8 24. Rag1 Qg6+ 25. Kh2 Qxe4 26. Rg4 Qf5 27. Kg2
Rxe3 0-1

[Event "AUTO-OPEN-4653"]
[Site "http://www.queenalice.com/game.php?id=1873621"]
[Date "2026.5.21"]
[Round "1"]
[White "bdpq"]
[Black "JailtonMaster"]
[Result "0-1"]
[WhiteElo "1646"]
[BlackElo "2144"]

1. e4 e5 2. d4 exd4 3. Qxd4 Nc6 4. Qe3 d6 5. Bd3 Nf6 6. Nf3 Be7 7. O-O O-O 8.
Ng5 h6 9. Nf3 Be6 10. b3 Ng4 11. Ba3 Nce5 12. Qf4 Nxd3 13. cxd3 c6 14. h3 Ne5
15. Nxe5 dxe5 16. Bxe7 exf4 17. Bxd8 Raxd8 18. Nd2 Rxd3 19. Nf3 Rfd8 20. Rac1 a5
21. Ne5 Rd2 22. Nf3 Rxa2 23. Nd4 Rxd4 24. f3 Rdd2 25. Kh1 Bxh3 26. Rg1 Bxg2+ 27.
Kh2 Bxf3+ 28. Kh3 Rh2# 0-1

[Event "AUTO-OPEN-4653"]
[Site "http://www.queenalice.com/game.php?id=1873622"]
[Date "2026.5.21"]
[Round "1"]
[White "JailtonMaster"]
[Black "bdpq"]
[Result "1-0"]
[WhiteElo "2149"]
[BlackElo "1662"]

1. d4 d5 2. c4 dxc4 3. Nc3 e6 4. e4 Bb4 5. a3 Bxc3+ 6. bxc3 Nf6 7. e5 Ne4 8. Qc2
O-O 9. Qxe4 f5 10. exf6 Rxf6 11. Bxc4 Nc6 12. Bg5 Na5 13. Bd3 Nc6 14. Qxh7+ Kf7
15. Bg6+ Ke7 16. Qxg7+ Kd6 17. Bxf6 Qd7 18. Be5+ Nxe5 19. Qxe5+ Ke7 20. Qg5+ Kf8
21. Nf3 Qg7 22. Qd8# 1-0

[Event "AUTO-OPEN-4653"]
[Site "http://www.queenalice.com/game.php?id=1873649"]
[Date "2026.5.21"]
[Round "1"]
[White "JailtonMaster"]
[Black "Daniel1962"]
[Result "1-0"]
[WhiteElo "2172"]
[BlackElo "1819"]

1. d4 d5 2. c4 c6 3. Nc3 Nf6 4. Nf3 Be6 5. e3 Ne4 6. Nxe4 dxe4 7. Nd2 Na6 8.
Nxe4 h6 9. Bd2 Qb6 10. Rb1 Nb4 11. a3 Na6 12. Bd3 Bf5 13. Qc2 e6 14. c5 Qc7 15.
O-O Bxe4 16. Bxe4 f5 17. Bf3 Be7 18. b4 g5 19. Bh5+ Kd7 20. Bc3 Raf8 21. d5 cxd5
22. Bxh8 g4 23. Bg7 Rg8 24. Bxh6 Rh8 25. Bf4 Rxh5 26. Bxc7 Nxc7 27. b5 e5 28.
c6+ bxc6 29. Qxc6+ Kd8 30. b6 axb6 31. Rbc1 Bc5 32. Rxc5 bxc5 33. Rb1 f4 34.
Rb8+ 1-0

[Event "AUTO-OPEN-4653"]
[Site "http://www.queenalice.com/game.php?id=1873650"]
[Date "2026.5.21"]
[Round "1"]
[White "Daniel1962"]
[Black "JailtonMaster"]
[Result "0-1"]
[WhiteElo "1806"]
[BlackElo "2142"]

1. c4 Nf6 2. Nc3 e6 3. e3 d5 4. Nf3 Be7 5. Bd3 c5 6. Ne5 Nbd7 7. Nxd7 Bxd7 8.
cxd5 exd5 9. O-O O-O 10. Qf3 Bc6 11. Qh3 d4 12. exd4 Qxd4 13. Ne2 Qd6 14. Ng3
Qxd3 15. Re1 Nd5 16. b3 Bf6 17. Ne4 Qxh3 18. gxh3 Bxa1 19. Nxc5 Rae8 20. Rf1 Nf4
21. Rd1 Bf3 22. Rf1 Ne2# 0-1

[Event "AUTO-MASTER-3306"]
[Site "http://www.queenalice.com/game.php?id=1873740"]
[Date "2026.5.21"]
[Round "1"]
[White "Tonto"]
[Black "JailtonMaster"]
[Result "1-0"]
[WhiteElo "1981"]
[BlackElo "2167"]

1. e4 e5 2. Nf3 Nc6 3. Bc4 Bc5 4. a3 a5 5. d3 Nf6 6. O-O d6 7. Nc3 O-O 8. Bg5 h6
9. Bh4 Be6 10. Bxf6 Qxf6 11. Bxe6 Qxe6 12. Nd5 Ne7 13. Nxc7 Qg4 14. Nxa8 Rxa8
15. c3 Nc6 16. b4 axb4 17. axb4 Ba7 18. b5 Ne7 19. b6 1-0

[Event "AUTO-MASTER-3306"]
[Site "http://www.queenalice.com/game.php?id=1873752"]
[Date "2026.5.21"]
[Round "1"]
[White "maurice916"]
[Black "JailtonMaster"]
[Result "1-0"]
[WhiteElo "1875"]
[BlackElo "2136"]

1. Nf3 d5 2. b3 c5 3. Bb2 Nf6 4. e3 e6 5. Bb5+ Bd7 6. Bxd7+ Nbxd7 7. O-O Be7 8.
c4 O-O 9. cxd5 exd5 10. d4 Rc8 11. dxc5 Nxc5 12. Nc3 a6 13. Qe2 b5 14. Rad1 b4
15. Nb1 Qb6 16. Nd4 Nce4 17. Rc1 1-0